Příspěvek k hodnocení počítacích method pro thrombocyty v lidské krvi /

Hlavní autor: Tůma, Vladimír, 1897-1945
Jazyk: Čeština
Vydáno: V Praze : [s.n.], 1926
Fyzický popis: 6 s.
Knihy
Uloženo v:
LEADER 00685nam a2200193 a 4500
001 000645808
003 CZ BrMZK
005 20030422080204.0
007 ta
008 030114s1926 xr f cze d
040 |a BOA001  |b cze  |c BOA001 
100 1 |a Tůma, Vladimír,  |d 1897-1945  |7 jk01140395  |4 aut 
245 1 0 |a Příspěvek k hodnocení počítacích method pro thrombocyty v lidské krvi /  |c Vlad. Tůma 
260 |a V Praze :  |b [s.n.],  |c 1926  |f (Grégr a syn) 
300 |a 6 s. 
500 |a Separát z: Časopis lékařů českých, r. 1926, č. 15 
910 |a BOA001  |b 2-0112.432 
990 |a BK 
996 6 |b BC-71083  |c 2-0112.432  |l MZK  |r Sklad / do 24 hodin  |n 0  |w 000645808  |u 000010  |a 1  |e BOA001  |j MZK50  |s P